Loading...
| History - American | 2 | 2 | 0 | 0 | 50 | 52 | 88.00 | 1 | 2 | 0.00 | 0.00 |
| History - World | 2 | 2 | 0 | 0 | 50 | 36 | 81.50 | 2 | 3 | 0.00 | 0.00 |
| Beliefs | 2 | 2 | 1 | 1 | 45 | 57 | 81.00 | 1 | 4 | 0.00 | 0.00 |
| Social Science | 1 | 3 | 1 | 1 | 40 | 48 | 94.50 | 1 | 1 | 0.00 | 0.00 |
| History - European | 0 | 2 | 0 | 0 | 20 | 88 | 103.50 | 1 | 2 | 0.00 | 0.00 |
| History - Other | 1 | 1 | 1 | 1 | 20 | 81 | 86.50 | 2 | 2 | 0.00 | 0.00 |
| Geography | 0 | 2 | 0 | 0 | 20 | 93 | 108.00 | 1 | 1 | 0.00 | 0.00 |
| Modern World | 1 | 0 | 0 | 0 | 15 | 27 | 27.00 | 1 | 1 | 0.00 | 0.00 |
| Fine Arts - Other Arts | 0 | 1 | 0 | 0 | 10 | 92 | 92.00 | 0 | 0 | 0.00 | 0.00 |
| History - Ancient | 0 | 0 | 0 | 0 | 0 | 0.00 | 0 | 0 | 0.00 | 0.00 |